Personalidades históricas y famosos - E - Estadísticas

Estadísticas generales
  • Esta prueba ha sido intentada 308 veces
  • La puntuación promedio es 9 de 21
Estadísticas de respuestas
Descripción Respuesta % Correcto
Científico más importante del siglo XX. Desarrollo la teoría de la relatividad. Albert Einstein
98%
De los raperos con más ventas de discos de la historia y de las celebridades más populares de la década de los 2000. Eminem
80%
Inventor estadounidense que tiene más de mil patentes a su nombre. Entre ellas se encuentran la luz eléctrica y la grabadora de sonido. Thomas Alva Edison
80%
Narcotraficante colombiano y máximo líder del Cartel de Medellín. Pablo Escobar
71%
Rey de Inglaterra que rompió con la Iglesia católica y estableció la Iglesia anglicana. También se lo conoce por tener numerosas consortes y unificar Gales a su reino. Enrique VIII de Inglaterra
67%
Filósofo alemán del siglo XIX que junto a Karl Marx es de las figuras más fundamentales para el nacimiento de los movimientos comunista y socialista. Friedrich Engels
56%
Jugador de fútbol portugués que jugó en el Benfica. De los mejores delanteros del siglo pasado. Eusébio
47%
Presidente de los Estados Unidos que su presidencia fue marcada por la Guerra Fría y el inicio de la carrera espacial. Dwight D. Eisenhower
42%
Esclavo y gladiador que dirigió una rebelión contra la República romana. Espartaco
40%
Actor y director de cine conocido sobre todo en el género del western. Clint Eastwood
39%
Actual presidente de Turquía desde el año 2014. Recep Tayyip Erdogan
39%
Explorador vikingo que fundó el primer asentamiento en Groenlandia. Erik el Rojo
31%
Rey inglés del siglo XI que restauró la casa de Wessex después de la dominación danesa y fue de los últimos reyes anglosajones de Inglaterra. Eduardo el Confesor
29%
Personaje de la mitología grecorromana, héroe de la Guerra de Troya, considerado progenitor de los romanos. Fue retratado en la famosa epopeya de Virgilio, la "Eneida". Eneas
29%
Matemático griego que se le conoce como el "padre de la geometría". Euclides
28%
General y político romano que derroto a los cartagineses en la Segunda guerra púnica. Escipión el Africano
24%
Principal matemático del siglo XVIII que aportó grandes descubrimientos en muchas áreas de las matemáticas, entre ellos el "número e". Leonhard Euler
21%
Matemático y astrónomo griego que calculó por primera vez la circunferencia de la Tierra. Eratóstenes
17%
Dramaturgo griego considerado como el primer gran representante de la tragedia griega. Esquilo
13%
Fue un importante general romano, bajo el mando del emperador Teodosio, que tuvo que enfrentarse a gran cantidad de pueblos bárbaros. Estilicón
3%
Fue una nadadora estadounidense y la primera mujer en cruzar el Canal de la Mancha nadando. Gertrude Ederle
3%
No se encontraron pruebas coincidentes
Distribución de puntuación
Porcentaje de gente con cada puntuación
Porcentaje por número respondido
Historial de tus puntuaciones
No has intentado esta prueba.